000 00350cam a22001337a 4500
008 180718b1949 xxu||||| |||| 00| 0 eng d
082 _aA6x5411 M124
100 _aMcCall, Anthony Gilchrist
245 _aLushai Chrysalis
_cby Anthony Gilchrist McCall
260 _aLondon
_bLuzae
_c1949
300 _a320p.
500 _a25/-
650 _aLushai Hills
999 _c372580
_d372580